Logo BPK

Bibliografia Prac Pracowników

Politechniki Koszalińskiej

Badanie własności eksploatacyjnych ściernic do szlifowania otworów łożysk tocznych : (Rekord nr 2015)

Szczegóły MARC
000 -ETYKIETA REKORDU
podpole kontrolne o stałej długości 01523nam a2200241 i 4500
001 - NUMER KONTROLNY REKORDU
podpole kontrolne BPP
003 - IDENTYFIKATOR NUMERU KONTROLNEGO REKORDU
podpole kontrolne BPK
005 - DATA OSTATNIEJ MODYFIKACJI REKORDU
podpole kontrolne 20190610114404.0
008 - POLE O STAŁEJ DŁUGOŚCI - DANE KONTROLNE
podpole kontrolne o stałej długości 141201s1988 pl f |000 0 pol
040 ## - ŹRÓDŁO KATALOGOWANIA
Instytucja, która utworzyła rekord BPK
080 ## - UNIWERSALNA KLASYFIKACJA DZIESIĘTNA - UKD
UKD 621.922/.924
080 ## - UNIWERSALNA KLASYFIKACJA DZIESIĘTNA - UKD
UKD 621.822
100 ## - NAZWA OSOBOWA
Nazwa osobowa KARPIŃSKI, Tadeusz.
Lata pracy 1970 - 1996.
Instytucja Wyższa Szkoła Inżynierska w Koszalinie - Wydział Mechaniczny,
Wydział Katedra Inżynierii Produkcji
245 ## - TYTUŁ/ODPOWIEDZIALNOŚĆ
Tytuł Badanie własności eksploatacyjnych ściernic do szlifowania otworów łożysk tocznych :
Ciąg dalszy tytułu badania porównawcze nowych narzędzi ściernych w odniesieniu do importowanych.
Oznaczenie części/sekcji dzieła Cz. 1,
Tytuł części/sekcji dzieła Diagnostyka kontrolna ściernic do otworów producentów krajowych i zagranicznych /
Pozostałe elementy strefy tytułu i oznaczenia odpowiedzialności Tadeusz Karpiński, Bronisław Słowiński, Cz. Pyrzyna.
260 ## - STREFA ADRESU WYDAWNICZEGO
Miejsce wydania Koszalin,
Data publikacji, dystrybucji/powstania dokumentu 1988.
500 ## - UWAGI OGÓLNE
Tekst uwagi Dane z autopsji.
520 ## - UWAGA DOTYCZĄCA TREŚCI DOKUMENTU
Analiza dokumentacyjna, adnotacja itp. Celem obecnego etapu pracy były badania porównawcze jakości dużej próby ściernic krajowych i zagranicznych - prowadzące w konsekwencji do wytypowania najwłaściwszej charakterystyki technicznej narzędzi krajowych, mogących zastąpić narzędzia zagraniczne. Przedstawiono wyniki badań jakości wykonania ściernic krajowych i zagranicznych otrzymane z diagnostyki kontrolnej tych narzędzi.
650 #0 - HASŁO PRZEDMIOTOWE W FORMIE NAZWY OGÓLNEJ LUB JEDNOSTKOWEJ
Nazwa ogólna lub geograficzna Łożyska.
650 #0 - HASŁO PRZEDMIOTOWE W FORMIE NAZWY OGÓLNEJ LUB JEDNOSTKOWEJ
Nazwa ogólna lub geograficzna Szlifowanie - narzędzia i maszyny.
650 #0 - HASŁO PRZEDMIOTOWE W FORMIE NAZWY OGÓLNEJ LUB JEDNOSTKOWEJ
Nazwa ogólna lub geograficzna Ściernica
700 ## - HASŁO DODATKOWE - NAZWA OSOBOWA
Nazwa osobowa SŁOWIŃSKI, Bronisław.
Lata pracy 1972 - 1996.
Instytucja Wyższa Szkoła Inżynierska w Koszalinie - Wydział Mechaniczny,
Wydział Katedra Inżynierii Produkcji
942 ## - HASŁO DODATKOWE - ELEMENTY(KOHA)
Typ dokumentu Materiały nieopublikowane
Schemat klasyfikacji Uniwersalna klasyfikacja dziesiętna
Egzemplarze
Wycofany Zagubiony Uszkodzony Dostępność Lokalizacja stała Lokalizacja bieżąca Sygnatura Typ dokumentu
      Dostępny Bibliografia Prac Pracowników - BPK Bibliografia Prac Pracowników - BPK NB-230/II Materiały nieopublikowane
© 2014 Biblioteka Politechniki Koszalińskiej :: BIBLIOGRAFIA PRAC PRACOWNIKÓW